| 000 | 00752cab a2200253 4500 | ||
|---|---|---|---|
| 001 | WB3333-44 | ||
| 008 | 090401t1997 xxu||||| |||| 00| 0 eng d | ||
| 035 | _a(Sirsi) u80559 | ||
| 041 | _aeng | ||
| 245 | _aWigan plans spark saturation fears | ||
| 260 | _c1997 | ||
| 350 | _a0 | ||
| 490 |
_aTimes _v28 August 1997, 27(2) |
||
| 520 | _aA proposed scheme to develop an alpine ski village in Wigan has been criticised as marking the first stages of saturation in the leisure park market. | ||
| 650 | _aLEISURE AND RECREATION FACILITIES | ||
| 650 | _aLEISURE MARKET | ||
| 650 | _aLEISURE PARKS | ||
| 650 | _aMULTIPLEX | ||
| 650 | _aSKI CENTRE | ||
| 650 | _aWIGAN | ||
| 690 | _aLEISURE AND RECREATION | ||
| 942 | _n0 | ||
| 948 | _c28/08/1997 | ||
| 999 |
_c50715 _d50715 |
||